Rhymes with 'Hard' Quiz Stats

 Plays Quiz Updated Apr 4, 2015

Also try: Rhymes with Cat
Challenge
Share
Tweet
Embed
Score 0/21 Timer 03:00
3 Plays Today
% Correct
card
97.8%
lard
96.3%
bard
95.8%
guard
80.8%
shard
70.6%
marred
70.3%
yard
68.7%
pard
68.6%
nard
64.8%
starred
61.5%
chard
60.8%
% Correct
barred
60.7%
jarred
58.4%
tarred
58.4%
fard
56.9%
parred
55.9%
sard
49.6%
scarred
49.4%
sparred
46.5%
charred
46.5%
gnarred
5.5%

You're not logged in!

Compare scores with friends on all Sporcle quizzes.
OR
Log In

You Might Also Like...

Show Comments

Extras

Top Quizzes Today


Score Distribution

Your Account Isn't Verified!

In order to create a playlist on Sporcle, you need to verify the email address you used during registration. Go to your Sporcle Settings to finish the process.

Report this User

Report this user for behavior that violates our Community Guidelines.

Details: